Substance abuse treatment for women offenders: guide to promising practices
| Autor principal: | |
|---|---|
| Tipo de documento: | Print Libro |
| Lenguaje: | Inglés |
| Publicado: |
Rockville, Md.
US Department of Health and Human Services, Public Health Service, Substance Abuse and Mental Health Services Administration, Center for Substance Abuse Treatment
2000
|
| En: |
DHHS publication (00-3454)
Año: 2000 |
| Edición: | Repr. |
| Disponibilidad en Tübingen: | Disponible en Tübingen. UB: KB 8 E 7925 |
| Verificar disponibilidad: | HBZ Gateway |
| Servicio de pedido Subito: | Pedir ahora. |
MARC
| LEADER | 00000cam a2200000 c 4500 | ||
|---|---|---|---|
| 001 | 1160395535 | ||
| 003 | DE-627 | ||
| 005 | 20230509090855.0 | ||
| 007 | tu | ||
| 008 | 010322s2000 xx ||||| 00| ||eng c | ||
| 035 | |a (DE-627)1160395535 | ||
| 035 | |a (DE-576)090395530 | ||
| 035 | |a (DE-599)BSZ090395530 | ||
| 035 | |a (OCoLC)313810432 | ||
| 040 | |a DE-627 |b ger |c DE-627 |e rakwb | ||
| 041 | |a eng | ||
| 100 | 1 | |a Kassebaum, Patricia |4 aut | |
| 245 | 1 | 0 | |a Substance abuse treatment for women offenders |b guide to promising practices |c Patricia A. Kassebaum |
| 250 | |a Repr. | ||
| 264 | 1 | |a Rockville, Md. |b US Department of Health and Human Services, Public Health Service, Substance Abuse and Mental Health Services Administration, Center for Substance Abuse Treatment |c 2000 | |
| 300 | |a IX, 174 S. | ||
| 336 | |a Text |b txt |2 rdacontent | ||
| 337 | |a ohne Hilfsmittel zu benutzen |b n |2 rdamedia | ||
| 338 | |a Band |b nc |2 rdacarrier | ||
| 490 | 1 | |a DHHS publication |v SMA 00-3454 | |
| 490 | 1 | |a Technical assistance publication series |v 23 | |
| 583 | 1 | |a Archivierung prüfen |c 20200919 |f DE-640 |z 1 |2 pdager | |
| 810 | 2 | |a USA |b Department of Health and Human Services |t DHHS publication |v 00-3454 |9 2000,3454 |w (DE-627)130337803 |w (DE-576)9130337801 |w (DE-600)592531-9 |x 0737-6863 |7 am | |
| 830 | 0 | |a Technical assistance publication series |v 23 |9 23 |w (DE-627)1160395748 |w (DE-576)090395743 |7 am | |
| 951 | |a BO | ||
| ELC | |b 1 | ||
| LOK | |0 000 xxxxxcx a22 zn 4500 | ||
| LOK | |0 001 2392756988 | ||
| LOK | |0 003 DE-627 | ||
| LOK | |0 004 1160395535 | ||
| LOK | |0 005 20010426000000 | ||
| LOK | |0 008 010322||||||||||||||||ger||||||| | ||
| LOK | |0 040 |a DE-21 |c DE-627 |d DE-21 | ||
| LOK | |0 852 |a DE-21 | ||
| LOK | |0 852 1 |c KB 8 E 7925 |9 00 | ||
| LOK | |0 935 |a krim | ||
| LOK | |0 936ln |a k12.16 | ||
| LOK | |0 939 |a 22-03-01 |b l01 | ||
| ORI | |a SA-MARC-krimdoka001.raw | ||
| SIG | |a UB: KB 8 E 7925 | ||
